Soziologie der Migration : Erklaerungsmodelle - Fakten - Politische - Konsequenzen - Perspektiven
Αποθηκεύτηκε σε:
| Κύριος συγγραφέας: | |
|---|---|
| Μορφή: | Βιβλίο |
| Γλώσσα: | German |
| Δημοσίευση: |
Stuttgart :
Lucius & Lucius,
2000
|
| Θέματα: | |
| Ετικέτες: |
Προσθήκη ετικέτας
Δεν υπάρχουν, Καταχωρήστε ετικέτα πρώτοι!
|
MARC
| LEADER | 00000nam a2200000 i 4500 | ||
|---|---|---|---|
| 001 | 1/47324 | ||
| 008 | 040121s2000 ger d | ||
| 020 | |a 3-8252-2118-0 | ||
| 035 | |l 10072057 | ||
| 040 | |a GR-MY-UA |b gre |e aacr | ||
| 041 | 0 | |a ger | |
| 082 | 0 | |a 304.8 | |
| 100 | 1 | |a Han, Petrus. | |
| 245 | 1 | 0 | |a Soziologie der Migration : |b Erklaerungsmodelle - Fakten - Politische - Konsequenzen - Perspektiven / |c Petrus Han |
| 260 | |a Stuttgart : |b Lucius & Lucius, |c 2000 | ||
| 300 | |a 374 p. |b 13 Tabellen und 7 Uebersichten | ||
| 650 | 0 | 0 | |a Alien labor. |
| 650 | 0 | 0 | |a Aliens |x Social conditions. |
| 852 | |a INST |b RHODES |e 20040121 |h 304.8 HAN |p 005400019645 |q 005400019645 |t BK |y 0 | ||
| 901 | |a BIBL4-2004-1 | ||
| 909 | |a Ρ |b 108123 | ||
| 922 | |a 4ΕΛΗ |b 200312 |c ΕΠΕΑΕΚ2/ΠΤΔΕ |d ΜΙΧΑΛΟΠΟΥΛΟΣ | ||
| 950 | |a 095-2003-10-18 | ||
| 970 | |a ΚΟΥΛΑΚΙΟΤΗ |b ΛΙΤΣΑ |z 2004/02/24 | ||